000 05136nkm0a2200613 4500
001 RU\NLR\bibl\2087362
005 20250810065517.0
020 _aRU
_b1101
_9ЛЕНИНГРАД В ВЕЛИКОЙ ОТЕЧЕСТВЕННОЙ ВОЙНЕ : Печать Ленинграда, 1941 - 1945 : каталог изданий, хранящихся в фондах Гос. Публ. б-ки, вып.2. Листовки, плакаты, открытки, альбомы / Гос. публ. б-ка им. М.Е. Салтыкова-Щедрина. - Ленинград, 1972
020 _aRU
_b44-1597 (вып. 1944, N 1/2)
_9Летопись изоизданий / ВКП. - Москва, 1944. - Вып. 1944, N 1/2
035 _a(NLR Aleph) 010199030
071 5 0 _a2381
_d50 к.
_910000
090 _a13291309
_c13291309
100 _a20140205d1943 u y0rusy50 ca
101 0 _arus
102 _aRU
116 _aiiyc||||||bf ae
135 _acrcn 024apaba
200 1 _aВоенфельдшер Кларисса Чернявская. Участник многих атак вражеских позиций. В одном из боев она подняла бойцов и с призывом "Вперед, товарищи, бейте немца!" первая бросилась на фашистов. За проявленные отвагу и доблесть награждена орденом Ленина
_bИзоматериал
_eпочтовая карточка
_fред.: А.А. Кроленко
210 _aЛенинград
_cИскусство
_d1943
_gЛТ УН-1
215 _a1 л.
_cхромолитогр.
_d15,1х10,2
300 _aАвт. установл. по: Сражающийся Ленинград. Почтовая открытка = Postcard. Leningrad in strugle : энциклопедический каталог / А.Д. Гдалин, М.Р. Иванова ; [Союз проф. литераторов России и др.]. - Санкт-Петербург : Инфо-Да, 2007. - С. 194 (N 373)
300 _aЦенз. разрешение: М0216
300 _aИзд. номер: 2381
321 1 _aСражающийся Ленинград. Почтовая открытка = Postcard. Leningrad in strugle : энциклопедический каталог / А.Д. Гдалин, М.Р. Иванова ; [Союз проф. литераторов России и др.]. - Санкт-Петербург : Инфо-Да, 2007.
_c373
325 1 _aЭлектронная копия доступна в Электронной библиотеке РНБ
327 0 _aПортрет, погрудный, прямолично, в военной форме, с орденом Ленина
517 1 _aУчастник многих атак вражеских позиций
517 1 _aВ одном из боев она подняла бойцов и с призывом "Вперед, товарищи, бейте немца!" первая бросилась на фашистов
517 1 _aЗа проявленные отвагу и доблесть награждена орденом Ленина
540 1 _aЧернявская Кларисса, военфельдшер
540 1 _aПортрет, погрудный, прямолично, в военной форме, с орденом Ленина
600 1 _aЧернявская
_bК.
_f? - 1942
_gКларисса
_92172765
_3RU\NLR\auth\6601543314
606 1 _aБлокада Ленинграда
_xИзображение на почтовых открытках маркированных художественных
_z1941 - 1944
_z1941 - 1945
_92163746
_3RU\NLR\auth\6601539002
686 _aЩ153(2Р=Рус)7-489
686 _aЩ153(2Р=Рус)7-3
686 _aЦ35(2)722-76-243дЧернявская
700 1 _4040
_aГордон
_bМ. А.
_cхудожник
_f1918-2003
_gМихаил Абрамович
_9127131
_3RU\NLR\auth\770127155
702 1 _4340
_aКроленко
_bА. А.
_f1889-1970
_gАлександр Александрович
_9129347
_3RU\NLR\auth\770129378
702 1 _4570
_aСеменова
_bГ. В.
_cискусствовед
_gГалина Васильевна
_9129342
_3RU\NLR\auth\770129373
801 0 _aRU
_bNLR
_c19720101
_gPSBO
801 1 _aRU
_bNLR
_c20140205
_gRCR
852 _aNLR
_bЛ3-310о
_j28/19
856 0 _uhttp://vivaldi.nlr.ru/lo000070403/view
856 1 _uhttp://vivaldi.nlr.ru/lo000070403/cover
856 2 _uhttp://vivaldi.nlr.ru/lo000070403/text
901 _eИзографические материалы
942 _cVISUAL
945 _aРоссийская национальная библиотека
980 _aBV
980 _aNB
981 3 7 _a(37) Ленинград в Великой Отечественной войне
_b(37) Открытки блокадного Ленинграда
981 1 7 _a(17) Изографические материалы
_b(17) Открытки